Cudzojazyčná gramotnosť a kompetentnosť absolventa interkultúrnych štúdií v globálnom hospodárskom priestore
V príspevku sa autorka venuje problematike kompetencií účastníka komunikácie v interkutúrnom prostredí a ich významu pre úspech firmy na globálnom trhu. Komunikačné kompetencie - odborná, jazyková, metodologická, osobnostná, sociálna, interkultúrna.
Na minha lista:
| Autor principal: | |
|---|---|
| Formato: | Capítulo de Livro |
| Idioma: | eslovaco |
| Assuntos: | |
| Tags: |
Sem tags, seja o primeiro a adicionar uma tag!
|
MARC
| LEADER | 00000nla a2200000 4500 | ||
|---|---|---|---|
| 001 | 0198785 | ||
| 005 | 20240502073347.3 | ||
| 041 | 0 | |a slo | |
| 044 | |a SK | ||
| 245 | 1 | 0 | |a Cudzojazyčná gramotnosť a kompetentnosť absolventa interkultúrnych štúdií v globálnom hospodárskom priestore |c Milena Helmová |
| 520 | |a V príspevku sa autorka venuje problematike kompetencií účastníka komunikácie v interkutúrnom prostredí a ich významu pre úspech firmy na globálnom trhu. Komunikačné kompetencie - odborná, jazyková, metodologická, osobnostná, sociálna, interkultúrna. | ||
| 610 | 2 | 0 | |a globalizácia |
| 610 | 2 | 0 | |a multikulturalizmus |
| 610 | 2 | 0 | |a komunikácia |
| 610 | 2 | 0 | |a komunikácia interkultúrna |
| 100 | 1 | |a Helmová, Milena, 1954- | |